MARC

LEADER 00000nam0a2200000 4500
001 197069
005 20231031183328.0
010 |a 525001321Х 
035 |a (RuTPU)RU\TPU\book\214967 
090 |a 197069 
100 |a 20110606d1990 m y0rusy50 ca 
101 0 |a rus 
102 |a RU 
105 |a y z 000zy 
200 1 |a Деловые игры в партийной работе  |f В. Н. Задорожный 
210 |a Москва  |c Изд-во политической лит-ры  |d 1990 
215 |a 79 с. 
610 1 |a политические партии 
610 1 |a партийная работа 
610 1 |a политическое влияние 
610 1 |a политическое манипулирование 
610 1 |a перестройка 
610 1 |a деловые игры 
686 |a Ф61(2)511.41  |v LBC/SL-A  |2 rubbk 
700 1 |a Задорожный  |b В. Н.  |g Владимир Николаевич 
801 1 |a RU  |b 63413507  |c 20110606 
801 2 |a RU  |b 63413507  |c 20110623  |g RCR 
942 |c BK